| 000 -LEADER |
| fixed length control field |
00635cam a2200217 a 4500 |
| 005 - DATE AND TIME OF LATEST TRANSACTION |
| control field |
20131126094508.0 |
| 008 - FIXED-LENGTH DATA ELEMENTS--GENERAL INFORMATION |
| fixed length control field |
890706s1990 enk 001 0 eng d |
| 020 ## - INTERNATIONAL STANDARD BOOK NUMBER |
| International Standard Book Number |
0406957630 |
| 041 0# - LANGUAGE CODE |
| Language code of text/sound track or separate title |
eng |
| 080 ## - UNIVERSAL DECIMAL CLASSIFICATION NUMBER |
| Universal Decimal Classification number |
347 |
| Common auxiliary subdivision |
(035) |
| 245 00 - TITLE STATEMENT |
| Title |
Butterworths company law handbook / |
| Statement of responsibility, etc |
consultant editor, Keith Walmsley. |
| 250 ## - |
| -- |
6th ed. |
| 260 ## - |
| -- |
London : |
| -- |
Butterworths ; |
| -- |
2002. |
| 300 ## - |
| -- |
2913 f. ; |
| -- |
25 cm. |
| 500 ## - |
| -- |
Includes index. |
| 650 #0 - |
| -- |
Ligji i koorporatave |
| -- |
Britania e madhe |
| 650 #0 - |
| -- |
E drejta civile |
| -- |
Britania e madhe |
| 700 1# - |
| -- |
Walmsley, Keith. |
| 740 01 - ADDED ENTRY--UNCONTROLLED RELATED/ANALYTICAL TITLE |
| Uncontrolled related/analytical title |
Company law handbook. |
| 942 ## - ADDED ENTRY ELEMENTS (KOHA) |
| Source of classification or shelving scheme |
|
| Item type |
Books |